Complete textile glossary
Este documento pretende ser una referencia conveniente para la terminologa̕ textil.Aunque cubre ampliamente todos los tipos de třminos textiles, hace ňfasis especial sobre las fibras manufacturadas <U+0096> que son, como se hacen y como son usadas.
Guardat en:
| Altres autors: | |
|---|---|
| Format: | Llibre |
| Idioma: | anglès |
| Matèries: | |
| Accés en línia: | Complete textile glossary |
| Etiquetes: |
Afegir etiqueta
Sense etiquetes, Sigues el primer a etiquetar aquest registre!
|
MARC
| LEADER | 00000nam a22000004a 4500 | ||
|---|---|---|---|
| 001 | vpro1712 | ||
| 005 | 20201223000000.0 | ||
| 008 | 120821s2007 ck # g## #001 0#eng#d | ||
| 020 | |a 18002225543 | ||
| 022 | |||
| 040 | |a CO-BoINGC | ||
| 041 | 0 | |a eng | |
| 245 | 1 | 0 | |a Complete textile glossary |
| 246 | |a Glosario textil completo | ||
| 264 | |a Bogot ̀(Colombia) : |b Revista VirtualPRO, |c 2007 | ||
| 520 | 3 | |a Este documento pretende ser una referencia conveniente para la terminologa̕ textil.Aunque cubre ampliamente todos los tipos de třminos textiles, hace ňfasis especial sobre las fibras manufacturadas <U+0096> que son, como se hacen y como son usadas. | |
| 650 | \ | \ | |a Industria textil |
| 650 | \ | \ | |a Textile industry |
| 650 | \ | \ | |a Gňeros de telas |
| 650 | \ | \ | |a Tejidos de telas |
| 650 | \ | \ | |a Terminologa̕ textil |
| 650 | \ | \ | |a Kinds of fabrics |
| 650 | \ | \ | |a Woven fabrics |
| 650 | \ | \ | |a Textile terminology |
| 700 | \ | \ | |a Celanese Acetate LLC |
| 856 | |z Complete textile glossary |u https://virtualpro.unach.elogim.com/biblioteca/glosario-textil-completo | ||